Normal view
MARC view
- امن المعلومات - التشفير
Entry Topical Term
001 - CONTROL NUMBER
- control field: 31429
003 - CONTROL NUMBER IDENTIFIER
- control field: JO-AjAnu
005 - DATE AND TIME OF LATEST TRANSACTION
- control field: 20230606075307.0
008 - FIXED-LENGTH DATA ELEMENTS
- fixed length control field: 230606|| aca||aabn | a|a d
040 ## - CATALOGING SOURCE
- Original cataloging agency: JO-AjAnu
- Transcribing agency: JO-AjAnu
150 ## - HEADING--TOPICAL TERM
- Topical term or geographic name entry element: امن المعلومات - التشفير
670 ## - SOURCE DATA FOUND
- Source citation: Work cat.: (JO-AjAnu)16138: حسين، عبد الامير خلف, author 31428, طرق التشفير للمبتدئين